[Event "Politiken Cup"]
[Site "Copenhagen DEN"]
[Date "2010.08.01"]
[Round "3"]
[White "Rostgaard,T"]
[Black "Andersen,Dag"]
[Result "1-0"]
[WhiteElo "2103"]
[BlackElo "1899"]

1.d4 d5 2.c4 e6 3.Nf3 Nf6 4.g3 Be7 5.Bg2 O-O 6.O-O c6 7.Nbd2 Nbd7 8.Qc2 Re8
9.e4 dxe4 10.Nxe4 Nxe4 11.Qxe4 Bf6 12.Rd1 a5 13.Bf4 Nf8 14.c5 Ng6 15.Ne5 Nxf4
16.Qxf4 Qc7 17.Qe3 Bd7 18.f4 Be7 19.Nc4 f6 20.Nb6 Rad8 21.Bh3 Bf8 22.Qc3 g6
23.Qxa5 e5 24.Bxd7 Rxd7 25.dxe5 Rxd1+ 26.Rxd1 fxe5 27.Rd7 Qb8 28.Qc3 Bg7
29.Qc4+ Kh8 30.Qf7 Rg8 31.Rxb7 Qe8 32.Qxe8 Rxe8 33.fxe5 Bxe5 34.Nd7 Bd4+
35.Kf1 Re7 36.a4 Rf7+ 37.Kg2 Rf2+ 38.Kh3 h5 39.Rb4 Rd2 40.Rb8+ Kg7 41.Rb7 Kh6
42.g4 Kg5 43.gxh5 gxh5 44.Rb8 Bxb2 45.Rg8+ Kf4 46.Nb8 Rd3+ 47.Rg3 Rd4 48.a5 Ra4
49.a6 Kf5 50.Rf3+ Ke4 51.Rb3 Bf6 52.Kg3 Be5+ 53.Kf2 Bxb8 54.Rxb8 Rxa6 55.Rh8 Ra2+
56.Kg3 Ra3+ 57.Kh4 Ra2 58.h3 Ra4 59.Rxh5 Kf3+ 60.Kg5 Ra8 61.Kf5 Rd8 62.Ke6 Rd4
63.Rg5 Rd8 64.h4 Kf4 65.Ke7 Rh8 66.Rg6 Rxh4 67.Kd7 Ke5 68.Rd6 Rh7+ 69.Kxc6 Rh8
70.Kc7 Rg8 71.Rd7 Rg6 72.c6 Rg1 73.Kc8 Rg8+ 74.Rd8 Rg1 75.c7 Ke6 76.Rd2 Rc1
77.Kd8  1-0

[Event "Open"]
[Site "Szombathely HUN"]
[Date "2010.08.01"]
[Round "6"]
[White "Koban,B"]
[Black "Odor,I"]
[Result "1-0"]
[WhiteElo "2275"]
[BlackElo "2006"]

1.d4 d5 2.Nf3 Nf6 3.c4 e6 4.g3 Be7 5.Bg2 O-O 6.O-O dxc4 7.a4 Bd7 8.Ne5 Bc6
9.Nxc6 Nxc6 10.e3 Na5 11.Nc3 c6 12.Qe2 Rb8 13.Rd1 Qd7 14.e4 Nb3 15.e5 Nd5
16.Rb1 Nxc1 17.Rbxc1 Nb6 18.a5 Nd5 19.Qxc4 Nxc3 20.bxc3 a6 21.Rb1 Qd8 22.Rb6 Qc8
23.Qa4 Bd8 24.Rb3 Qc7 25.Ra1 Be7 26.Rab1 Rfc8 27.Rb6 Bd8 28.h3 g6 29.Kh2 Kg7
30.f4 Qe7 31.R6b2 Qc7 32.Ra2 Qe7 33.c4 h5 34.Rab2 Qc7 35.Ra2 Qe7 36.Rd1 g5
37.fxg5 Qxg5 38.Rf2 h4 39.gxh4 Qxh4 40.Rdf1 Rc7 41.Rf4 Qh6 42.Qd1 Bg5 43.Rg4 Kf8
44.Qf3 Bd2 45.Qa3+ Re7 46.Qg3 Qh8 47.Rf6 Rd8 48.Qf2 Bc1 49.Qe1 Bb2 50.Qd2 Ba1
51.Kh1 Ke8 52.Rf1  1-0

[Event "Politiken Cup"]
[Site "Copenhagen DEN"]
[Date "2010.08.03"]
[Round "5"]
[White "Rosenkilde,A"]
[Black "Hansen,Herl"]
[Result "1-0"]
[WhiteElo "2204"]
[BlackElo "2026"]

1.d4 Nf6 2.c4 e6 3.g3 d5 4.Nf3 Be7 5.Bg2 O-O 6.O-O dxc4 7.Qc2 Nbd7 8.Qxc4 c5
9.Rd1 Qb6 10.Nc3 a6 11.Be3 Qb4 12.Qd3 Qxb2 13.Rab1 c4 14.Qxc4 Qa3 15.Qd3 h6
16.Bf4 Nd5 17.Nxd5 exd5 18.Qxa3 Bxa3 19.Rb3 Be7 20.Rc1 b5 21.Ne5 Nf6 22.Nc6 Bd8
23.Bd6 Re8 24.Nxd8 Rxd8 25.Be7 Rd7 26.Bxf6 gxf6 27.Rc6 Bb7 28.Rxf6 Kg7 29.Rb6 Rc8
30.Bf3 Rc4 31.e3 Ra4 32.a3 Rc7 33.Kg2 Rd7 34.h4 Kh7 35.g4 Kg7 36.Kg3 Kh7
37.Bg2 Kg7 38.f4 Re7 39.g5 hxg5 40.fxg5 Ba8 41.h5 Re6 42.h6+ Kh7 43.Rxe6 fxe6
44.Bf1 e5 45.Rc3 Kg6 46.Rc7 Rxa3 47.Kg4  1-0

[Event "97th ch-GBR"]
[Site "Canterbury ENG"]
[Date "2010.08.04"]
[Round "9"]
[White "Greet,A"]
[Black "Littlewood,P"]
[Result "1/2-1/2"]
[WhiteElo "2451"]
[BlackElo "2361"]

1.d4 Nf6 2.c4 e6 3.g3 d5 4.Bg2 Be7 5.Nf3 O-O 6.O-O c6 7.Qc2 b6 8.Nbd2 Ba6
9.Ne5 Nfd7 10.Nd3 Bf6 11.e3 Qe7 12.b4 Bb7 13.b5 Rc8 14.a4 a6 15.Ba3 Qd8 16.bxc6 Nxc6
17.Qa2 dxc4 18.Nxc4 Na5 19.Nxa5 Bxg2 20.Kxg2 bxa5 21.Rab1 Nb6 22.Bc5 Nd5
23.Qc4 Qd7 24.Rfc1 Qc6 25.Kg1 h5 26.Qb3 Qd7 27.e4 Nb4 28.Nxb4 axb4 29.Qxb4 Qc6
30.f3 Rab8 31.Qxb8 Rxb8 32.Rxb8+ Kh7 33.Rb4 g5 34.Rcc4 g4 35.Kf2 a5 36.Rb5 Bd8
37.Rc3 gxf3 38.d5 exd5 39.Bd4 Qe6 40.Rxf3 dxe4 41.Rff5 Kg6 42.Rfd5 Bf6 43.Ke3 Bxd4+
44.Kxd4 f6 45.Rb3 Qg4 46.Re3 Qd1+ 47.Kxe4 Qxa4+ 48.Rd4 Qc2+ 49.Rdd3 Qxh2
50.Ra3 Qh1+ 51.Kd4 Qb1 52.Reb3 Qf5 53.Kc4 Qe5 54.Rd3 f5 55.Re3 Qc7+ 56.Kb5 Qa7
57.Rec3 Kg5 58.Rd3  1/2-1/2

[Event "97th ch-GBR"]
[Site "Canterbury ENG"]
[Date "2010.08.04"]
[Round "9"]
[White "Gordon,S"]
[Black "Gormally,D"]
[Result "1-0"]
[WhiteElo "2534"]
[BlackElo "2480"]

1.d4 Nf6 2.c4 e6 3.Nf3 d5 4.g3 Be7 5.Bg2 O-O 6.O-O Nbd7 7.Qc2 c6 8.Nbd2 b6
9.e4 Bb7 10.e5 Ne8 11.cxd5 exd5 12.Re1 Nc7 13.Nf1 Ne6 14.Ne3 g6 15.Bh3 c5
16.Ng2 Re8 17.Bxe6 fxe6 18.Nf4 Nf8 19.h4 cxd4 20.Nxd4 Bc5 21.Be3 Qe7 22.Qd1 Qg7
23.Qd2 a5 24.Nd3 Ba6 25.Bh6 Qf7 26.Nf4 Nd7 27.Re3 Rac8 28.b3 Bb4 29.Qd1 Rc3
30.Rxc3 Bxc3 31.Rc1 Bxd4 32.Qxd4 Nc5 33.Rc3 Qd7 34.Rf3 Bb7 35.a3 Ne4 36.Qxb6 d4
37.Rd3 Nc5 38.Qxc5 Rc8 39.Nh5 gxh5 40.Rxd4 Bd5 41.Qxa5 Rc2 42.Qe1  1-0

[Event "Politiken Cup"]
[Site "Copenhagen DEN"]
[Date "2010.08.04"]
[Round "6"]
[White "Jacobsen,Bo"]
[Black "Nielsen,Bo1"]
[Result "1-0"]
[WhiteElo "2335"]
[BlackElo "2067"]

1.c4 e6 2.g3 d5 3.Bg2 Nf6 4.Nf3 Be7 5.d4 O-O 6.O-O dxc4 7.Qc2 a6 8.Qxc4 b5
9.Qc2 Bb7 10.Bd2 Bd6 11.Rd1 Nbd7 12.Ba5 Qb8 13.Nbd2 c5 14.Qd3 cxd4 15.Qxd4 Bc5
16.Qh4 Qa7 17.e3 Rfe8 18.g4 Nf8 19.g5 Ng6 20.Qg3 Ne4 21.Nxe4 Bxe4 22.Rd2 Qb7
23.Rad1 Nf8 24.h4 Be7 25.h5 b4 26.Rd4 Rac8 27.Rxe4 Qxe4 28.Nd4  1-0

[Event "49th WJun"]
[Site "Chotowa POL"]
[Date "2010.08.05"]
[Round "3"]
[White "Stupak,K"]
[Black "Kanmazalp,O"]
[Result "1-0"]
[WhiteElo "2504"]
[BlackElo "2381"]

1.d4 Nf6 2.g3 d5 3.Nf3 e6 4.c4 Be7 5.Bg2 O-O 6.O-O dxc4 7.Ne5 Nc6 8.Bxc6 bxc6
9.Nxc6 Qe8 10.Nxe7+ Qxe7 11.Qa4 e5 12.dxe5 Qxe5 13.Qxc4 Be6 14.Qc2 Bf5 15.Qc4 Be6
16.Qd3 Rad8 17.Qe3 Qh5 18.f3 Bc4 19.Nc3 Rfe8 20.Qg5 Qh3 21.Be3 Nd5 22.Bd4 f6
23.Qc1 Bxe2 24.Nxe2 Rxe2 25.Rf2 Rxf2 26.Bxf2 Qf5 27.Kg2 Re8 28.Qc4 Qe6 29.Qc5 Qf5
30.Rd1 Re5 31.Qxa7 h5 32.Qd4 c6 33.Rd2 Qg6 34.a4 h4 35.Qxh4 Rh5 36.Qd4 Qh6
37.h4 g5 38.Re2 gxh4 39.Re8+ Kf7 40.Re2 Kg8 41.Re8+ Kf7 42.Re4 Kg8 43.Re8+ Kf7
44.Re4 hxg3 45.Bxg3 Qc1 46.Qa7+ Kg6 47.Rg4+ Rg5 48.Rxg5+ fxg5 49.Qd4 Ne3+
50.Kf2 Nd1+ 51.Ke2 Nxb2 52.Qe4+ Kh6 53.Qe6+ Kh7 54.Qb3 Nc4 55.Kd3 Qf1+ 56.Kd4 Nb6
57.Ke5 Qe2+ 58.Kd6 Nc4+ 59.Kc5 Na5 60.Qc3 Qe7+ 61.Kb6 Nb7 62.Qxc6 Qb4+ 63.Qb5  1-0

[Event "7th CHN-RUS w"]
[Site "Ningbo CHN"]
[Date "2010.08.05"]
[Round "1"]
[White "Ju Wenjun"]
[Black "Kosintseva,N"]
[Result "1-0"]
[WhiteElo "2496"]
[BlackElo "2551"]

1.d4 Nf6 2.c4 e6 3.g3 d5 4.Nf3 Be7 5.Bg2 O-O 6.O-O dxc4 7.Qc2 a6 8.Qxc4 b5
9.Qc2 Bb7 10.Bd2 Be4 11.Qc1 Bb7 12.Rd1 Nbd7 13.Ba5 Bd6 14.Nbd2 Qb8 15.Nb3 Qa7
16.Ne1 Bxg2 17.Kxg2 e5 18.Nc2 Rac8 19.Ne3 Rfe8 20.d5 g6 21.Qc2 Nb8 22.Rac1 c5
23.dxc6 Rxc6 24.Qd2 Bf8 25.Nd5 Ne4 26.Qe3 Qxe3 27.Nxe3 Bh6 28.Rxc6 Nxc6 29.Bb6 Bf8
30.Nd5 Kg7 31.Nc7 Rb8 32.Be3 Rc8 33.Nxa6 Ra8 34.Nc7 Rxa2 35.Ne8+ Kg8 36.Nd2 Nxd2
37.Rxd2 Be7 38.Rc2 Nb4 39.Rc8 h5 40.Bc1 Ra5 41.Bd2 Ra2 42.Nd6+ Kg7 43.Bxb4  1-0

[Event "Open"]
[Site "Olomouc CZE"]
[Date "2010.08.05"]
[Round "2"]
[White "Beil,Z"]
[Black "Radice,L"]
[Result "1/2-1/2"]
[WhiteElo "2284"]
[BlackElo "2063"]

1.d4 d5 2.Nf3 Nf6 3.c4 e6 4.g3 Be7 5.Bg2 O-O 6.O-O c6 7.Nc3 Nbd7 8.b3 b6
9.a4 Ba6 10.Nd2 Rc8 11.e4 dxe4 12.Ndxe4 Nxe4 13.Nxe4 Nf6 14.Nc3 Bb7 15.Be3 Qc7
16.Qf3 Ba8 17.c5 bxc5 18.dxc5 Qa5 19.Bd4 Qb4 20.Ne2 Nd7 21.Rfc1 Rb8 22.Qc3 Qxb3
23.Qd2 e5 24.Be3 Rfd8 25.Qa5 Qb7 26.Be4 Qb4 27.Qxb4 Rxb4 28.Bf5 Nf6 29.Rcb1 Rdb8
30.a5 Rxb1+ 31.Bxb1 Bb7 32.Bd3 Bc8 33.Rc1 Nd5 34.Bd2 f5 35.Nc3 Be6 36.Nxd5 cxd5
37.c6 Bc8 38.c7 Rb3 39.Bxf5 Bxf5 40.c8=Q+ Bxc8 41.Rxc8+ Kf7 42.Rc7  1/2-1/2

[Event "56th Aniv ITT"]
[Site "Villa Martelli ARG"]
[Date "2010.08.05"]
[Round "2"]
[White "Fabian,G"]
[Black "Ibar,M"]
[Result "1/2-1/2"]
[WhiteElo "2260"]
[BlackElo "2210"]

1.d4 d5 2.c4 e6 3.Nf3 Nf6 4.g3 Be7 5.Bg2 O-O 6.O-O dxc4 7.Qc2 a6 8.Qxc4 b5
9.Qc2 Bb7 10.Bd2 Be4 11.Qc1 Nbd7 12.Ba5 Ra7 13.Nbd2 Ba8 14.Qc2 Qb8 15.b4 Bd6
16.Nb3 Be4 17.Qb2 Nb6 18.Nfd2 Bxg2 19.Kxg2 Qa8+ 20.Kg1 Qd5 21.Qc2 Qh5 22.Nf3 Nc4
23.Qd3 c6 24.Kg2 Rd7  1/2-1/2

[Event "97th ch-GBR"]
[Site "Canterbury ENG"]
[Date "2010.08.06"]
[Round "11"]
[White "Snape,I"]
[Black "Jones,V"]
[Result "1-0"]
[WhiteElo "2233"]
[BlackElo "2105"]

1.c4 e6 2.Nf3 Nf6 3.g3 d5 4.d4 Be7 5.Bg2 O-O 6.Qc2 dxc4 7.Qxc4 a6 8.Qc2 Nc6
9.O-O Nb4 10.Qb3 c5 11.Rd1 Qb6 12.Nc3 Bd7 13.Be3 c4 14.Qxc4 Nc2 15.Rab1 Nxe3
16.fxe3 Bc6 17.Qd3 Rfd8 18.Ne5 Bxg2 19.Kxg2 Rac8 20.Ne4 Nd5 21.a3 f6 22.Nf3 e5
23.Nf2 f5 24.e4 fxe4 25.Qxe4 Qg6 26.Qxg6 Ne3+ 27.Kg1 hxg6 28.Rd3 exd4 29.Nxd4 Bc5
30.Rxe3 Bxd4 31.Rd3 Rc2 32.e3 Bf6 33.Rxd8+ Bxd8 34.Ng4 Bb6 35.Kf1 Kf8 36.b4 Rc3
37.a4 Bxe3 38.Nxe3 Rxe3 39.Rc1 Kf7 40.Kf2 Re7 41.h4 Kf6 42.Kf3 b6 43.Rc6+ Re6
44.Rxe6+ Kxe6 45.Ke4 g5 46.h5 Kf6 47.b5 a5 48.Kd5 Kf5 49.Kc6 Kg4 50.Kxb6 Kxg3
51.Kxa5  1-0

[Event "Politiken Cup"]
[Site "Copenhagen DEN"]
[Date "2010.08.06"]
[Round "8"]
[White "Jepson,C"]
[Black "Rosenkilde,A"]
[Result "1-0"]
[WhiteElo "2394"]
[BlackElo "2204"]

1.d4 Nf6 2.c4 e6 3.g3 d5 4.Bg2 Be7 5.Nf3 O-O 6.O-O dxc4 7.Qc2 a6 8.a4 Nc6
9.Qxc4 Bd7 10.Bf4 Rc8 11.Nc3 Na5 12.Qa2 Bc6 13.Rad1 Nd5 14.Ne5 Nxc3 15.bxc3 Bxg2
16.Kxg2 Qd5+ 17.Qxd5 exd5 18.f3 Rfe8 19.Kf2 f6 20.Nd3 c6 21.e4 Nc4 22.Rb1 b5
23.exd5 cxd5 24.axb5 Na3 25.Rb3 Nxb5 26.Bd2 Rc6 27.Re1 Kf7 28.Nf4 Rd8 29.h4 Rd7
30.g4 Na3 31.Rxe7+ Kxe7 32.Rxa3 Rb6 33.Ra5 Rb5 34.Rxa6 Rdb7 35.Ke3 Kf7 36.Rd6 Ke7
37.Ra6 Rd7 38.Ra1 Kf7 39.Kd3 g6 40.Bc1 Re7 41.Bd2 Rd7 42.Kc2 Re7 43.Ra6 Rd7
44.g5 fxg5 45.hxg5 Ke7 46.Nd3 Rc7 47.Bf4  1-0

[Event "Politiken Cup"]
[Site "Copenhagen DEN"]
[Date "2010.08.06"]
[Round "8"]
[White "Tandrup,M"]
[Black "Maechel,M"]
[Result "1-0"]
[WhiteElo "1968"]
[BlackElo "1748"]

1.d4 d5 2.Nf3 Nf6 3.c4 e6 4.g3 Be7 5.Bg2 O-O 6.Qc2 c6 7.Nbd2 Nbd7 8.O-O Re8
9.e4 dxe4 10.Nxe4 Nxe4 11.Qxe4 Nf6 12.Qe2 Qc7 13.Rd1 c5 14.Bf4 Bd6 15.Bxd6 Qxd6
16.dxc5 Qxc5 17.a3 Rb8 18.b4 Qh5 19.Qe5 Qxe5 20.Nxe5 Kf8 21.Rd2 Ke7 22.Rad1 h5
23.h3 g5 24.b5 g4 25.h4 Kf8 26.a4 Kg7 27.a5 a6 28.b6 Ng8 29.Nd7 Bxd7 30.Rxd7 Re7
31.Rxe7 Nxe7 32.Rd7 Ng6 33.Rxb7 Rc8 34.Rc7 Rd8 35.b7 Rd1+ 36.Kh2 Rb1 37.Rc8  1-0

[Event "19th Open"]
[Site "Kavala GRE"]
[Date "2010.08.06"]
[Round "8"]
[White "Zablotsky,S"]
[Black "Rozentalis,E"]
[Result "1/2-1/2"]
[WhiteElo "2553"]
[BlackElo "2631"]

1.d4 Nf6 2.c4 e6 3.g3 d5 4.Bg2 Be7 5.Nf3 O-O 6.O-O dxc4 7.Qc2 a6 8.a4 Bd7
9.Bg5 Bc6 10.Bxf6 Bxf6 11.Rd1 Bxf3 12.Bxf3 c6 13.Qxc4 a5 14.Nc3  1/2-1/2

[Event "19th Open"]
[Site "Kavala GRE"]
[Date "2010.08.06"]
[Round "8"]
[White "Gupta,Ab"]
[Black "Rychagov,A"]
[Result "1-0"]
[WhiteElo "2587"]
[BlackElo "2538"]

1.d4 d5 2.c4 e6 3.Nf3 Nf6 4.g3 Be7 5.Bg2 O-O 6.O-O dxc4 7.Qc2 a6 8.Qxc4 b5
9.Qc2 Bb7 10.Bd2 Be4 11.Qc1 Bb7 12.Qc2 Be4 13.Qc1 Bb7 14.Bf4 Nd5 15.Nc3 Nxf4
16.Qxf4 Bd6 17.Qe3 Qe7 18.Ne4 Bxe4 19.Qxe4 Ra7 20.a4 bxa4 21.Rxa4 Nd7 22.Rfa1 Rb8
23.Qc2 Rb6 24.Nd2 Nb8 25.Nc4 Rb5 26.e3 g6 27.Rc1 Qd8 28.Qc3 Be7 29.Na3 Rb6
30.h4 c6 31.Nc4 Rb5 32.Ne5 Qb6 33.Rc2 c5 34.Qd2 Bf6 35.Ng4 Be7 36.Bf1 Rb3
37.dxc5 Bxc5 38.Rxc5 Qxc5 39.Rc4 Qe7 40.Rc8+ Kg7 41.e4 g5 42.hxg5 Rd7 43.Nf6  1-0

[Event "Politiken Cup"]
[Site "Copenhagen DEN"]
[Date "2010.08.07"]
[Round "9"]
[White "Schmied,A"]
[Black "Brauner,J"]
[Result "1-0"]
[WhiteElo "2069"]
[BlackElo "1885"]

1.d4 Nf6 2.c4 e6 3.g3 d5 4.Nf3 Be7 5.Bg2 O-O 6.O-O c5 7.cxd5 exd5 8.Bg5 h6
9.Be3 Ng4 10.Bf4 Nc6 11.dxc5 Bxc5 12.Nc3 Be6 13.Na4 Bd6 14.Bxd6 Qxd6 15.Nd4 Nxd4
16.Qxd4 b6 17.Nc3 Rfd8 18.Rfd1 Nf6 19.e4 Qf8 20.exd5 Rac8 21.Qf4 Bg4 22.Rd2 Qc5
23.h3 Bh5 24.Bf3 Bxf3 25.Qxf3 Rd7 26.Rad1 Rcd8 27.Rd4 b5 28.a3 a6 29.g4 Qd6
30.R1d2 Qc5 31.h4 Rd6 32.g5 hxg5 33.hxg5 Nh7 34.Ne4 Qc1+ 35.Kg2 Rg6 36.Qf5 Qe1
37.d6 Nf6 38.Rd1 Qa5 39.Rh1 Nxe4 40.Rxe4 Qd2 41.Rf4 Rf8 42.d7 a5 43.Rh3 b4
44.axb4 axb4 45.Kh2 Qd6 46.Rd3  1-0

[Event "ch-SLO"]
[Site "Ljubljana SLO"]
[Date "2010.08.07"]
[Round "1"]
[White "Skoberne,J"]
[Black "Gjuran,D"]
[Result "1-0"]
[WhiteElo "2519"]
[BlackElo "2351"]

1.c4 e6 2.Nf3 d5 3.d4 Nf6 4.g3 Be7 5.Bg2 O-O 6.O-O c6 7.Qc2 Nbd7 8.Rd1 b6
9.b3 Bb7 10.Nc3 Rc8 11.e4 dxe4 12.Ng5 c5 13.d5 exd5 14.cxd5 Bd6 15.Ncxe4 Be5
16.Rb1 h6 17.Nf3 Bb8 18.Nh4 Re8 19.Nf5 Nxe4 20.Bxe4 Be5 21.d6 Bxe4 22.Qxe4 Bf6
23.Qg4 Kh7 24.Qh5 Kg8 25.Qg4 Kh7 26.Bxh6 g6 27.Bf4 gxf5 28.Qxf5+ Kg7 29.Qg4+ Kh8
30.Rd5 Bg7 31.Rh5+ Kg8 32.Bh6 Qf6 33.Bxg7 Qg6 34.Bc3  1-0

[Event "49th WJun"]
[Site "Chotowa POL"]
[Date "2010.08.09"]
[Round "6"]
[White "Grandelius,N"]
[Black "Bobula,M"]
[Result "1/2-1/2"]
[WhiteElo "2505"]
[BlackElo "2387"]

1.c4 e6 2.Nf3 d5 3.d4 Nf6 4.g3 Be7 5.Bg2 O-O 6.O-O c6 7.Qc2 Nbd7 8.b3 b6
9.Rd1 Ba6 10.Nbd2 c5 11.e4 dxc4 12.Nxc4 cxd4 13.Nxd4 Rc8 14.e5 Nd5 15.Qb2 Bxc4
16.bxc4 Rxc4 17.Bxd5 exd5 18.Nf5 Bb4 19.Rxd5 Qc7 20.Bf4 Bc3 21.Qe2 Bxa1 22.Qg4 Bxe5
23.Rxd7 Rxf4 24.gxf4 Qc1+ 25.Kg2 Qxf4 26.Ne7+ Kh8 27.Qxf4 Bxf4 28.Rxa7 b5  1/2-1/2

[Event "Negroponte Open"]
[Site "Chalkis GRE"]
[Date "2010.08.10"]
[Round "2"]
[White "Zablotsky,S"]
[Black "Makropoulou,M"]
[Result "1-0"]
[WhiteElo "2553"]
[BlackElo "2231"]

1.d4 d5 2.g3 Nf6 3.Bg2 e6 4.Nf3 Be7 5.c4 c6 6.O-O O-O 7.Nc3 Nbd7 8.Qd3 Re8
9.e4 dxe4 10.Nxe4 c5 11.Rd1 Nxe4 12.Qxe4 cxd4 13.Nxd4 Qb6 14.Be3 Nf6 15.Nb5 Qxb5
16.cxb5 Nxe4 17.Bxe4 f5 18.Bf3 Bf6 19.Rd2 Kf7 20.a4 Re7 21.Rc1 e5 22.Rd8 e4
23.Bh5+ g6 24.Be2 Re8 25.Rc7+ Be7 26.Bg5 Rxd8 27.Bc4+ Kf8 28.Bxe7+ Ke8  1-0

[Event "28th WJun Girls"]
[Site "Chotowa POL"]
[Date "2010.08.10"]
[Round "7"]
[White "Unapkoshvili,N"]
[Black "Lepeskaite,M"]
[Result "1-0"]
[WhiteElo "1997"]
[BlackElo "1801"]

1.d4 d5 2.Nf3 Nf6 3.c4 e6 4.g3 Be7 5.Bg2 O-O 6.O-O dxc4 7.Ne5 c6 8.Nxc4 b5
9.Ne5 Bb7 10.Nc3 Qb6 11.Be3 Nd5 12.Nxd5 cxd5 13.Rc1 f6 14.Nd3 Nd7 15.Qb3 Rac8
16.Nf4 Rc4 17.a3 Rfc8 18.Rfd1 a5 19.Qd3 Ba6 20.Rxc4 bxc4 21.Qc3 Rb8 22.Bc1 Kf7
23.e4 dxe4 24.Bxe4 Qb3 25.Qe1 f5 26.Bxf5 exf5 27.Qe6+ Kf8 28.Re1 Re8 29.Qxd7 Bb5
30.Ne6+ Kg8 31.Qd5 Kh8 32.Nc7  1-0

[Event "28th WJun Girls"]
[Site "Chotowa POL"]
[Date "2010.08.10"]
[Round "7"]
[White "Guramishvili,S"]
[Black "Pavlidou,E"]
[Result "1-0"]
[WhiteElo "2298"]
[BlackElo "2182"]

1.c4 Nf6 2.g3 e6 3.Bg2 d5 4.d4 Be7 5.Nf3 O-O 6.O-O b6 7.Qc2 Bb7 8.cxd5 exd5
9.Bf4 Na6 10.Nc3 c5 11.dxc5 Nxc5 12.Rad1 Rc8 13.Qb1 Nce4 14.Nxe4 Nxe4 15.Nd4 Qd7
16.f3 Nd6 17.e4 Nc4 18.Nf5 Bf6 19.Rf2 Kh8 20.Bf1 b5 21.Bxc4 Rxc4 22.exd5 g6
23.Ne3 Rd4 24.Rfd2 Rxd2 25.Rxd2 Bd8 26.Be5+ f6 27.Bd4 a6 28.b4 Kg7 29.Qb2 h5
30.Bc5 Rh8 31.Ng2 Bc7 32.Qc2 h4 33.Nxh4 Rxh4 34.gxh4 Bf4 35.Rg2 f5 36.Qc3+ Kf7
37.Qh8 Qxd5 38.Qf8+ Ke6 39.Qe7+  1-0

[Event "49th WJun"]
[Site "Chotowa POL"]
[Date "2010.08.11"]
[Round "8"]
[White "Sagar,S"]
[Black "Swapnil,SD"]
[Result "1/2-1/2"]
[WhiteElo "2285"]
[BlackElo "2426"]

1.d4 Nf6 2.c4 e6 3.g3 d5 4.Nf3 Be7 5.Bg2 O-O 6.O-O dxc4 7.Qc2 a6 8.Qxc4 b5
9.Qc2 Bb7 10.Bd2 Bd6 11.Rc1 Nbd7 12.b4 Qe7 13.a3 Be4 14.Qb3 e5 15.Nxe5 Nxe5
16.dxe5 Bxe5 17.Ra2 Bd4 18.Bxe4 Nxe4 19.Be3 c5 20.Bxd4 cxd4 21.Qd3 Rad8 22.Rac2 Rfe8
23.e3 Ng5 24.exd4 Rxd4 25.Qe3 Qd8 26.Rc8 Qxc8 27.Rxc8 Rxc8 28.Nc3 Ne6 29.Ne4 h6
30.Kg2 Rcd8 31.f4 R8d5 32.Nc5 Rd2+ 33.Kh3 Nxc5 34.bxc5 Rd8 35.c6 Rc2 36.Qb6 Rc8
37.Qxa6 R8xc6 38.Qxb5 R6c5 39.Qe8+ Kh7 40.Qxf7 Rc7 41.Qf5+ g6 42.Qe5 R2c5
43.Qd6 R5c6 44.Qf8 Rc5 45.Qb8 Rf7 46.Kg4 Ra5 47.Qe8  1/2-1/2

[Event "Bicentenario GM"]
[Site "Villa Martelli ARG"]
[Date "2010.08.11"]
[Round "8"]
[White "Leitao,R"]
[Black "Milos,G"]
[Result "1/2-1/2"]
[WhiteElo "2629"]
[BlackElo "2606"]

1.d4 Nf6 2.c4 e6 3.g3 d5 4.Nf3 Be7 5.Bg2 O-O 6.O-O b6 7.cxd5 exd5 8.Nc3 Bb7
9.Ne5 Na6 10.Qa4 Qe8 11.Qb3 Rd8 12.Nb5 c6 13.Nxa7 b5 14.a4 b4 15.Qd3 Nb8
16.Qc2 Na6 17.Bf4 Rd6 18.Nb5 Qa8 19.Na7 Qe8 20.Qd3 Rd8 21.Bc1 Ra8 22.Qb3 Rd8
23.Bg5 h6 24.Bc1 Nb8 25.Qd3 Na6 26.Bf4 Nb8 27.Bd2 Nh5 28.Bf4 f6 29.Bd2 Qd7
30.Nf3 Qe8 31.Ne5 Bd6 32.Rfc1 Be7 33.Rf1  1/2-1/2

[Event "14th HZ Open"]
[Site "Vlissingen NED"]
[Date "2010.08.11"]
[Round "6"]
[White "Kohlweyer,B"]
[Black "Brandenburg,D"]
[Result "1/2-1/2"]
[WhiteElo "2436"]
[BlackElo "2514"]

1.Nf3 d5 2.c4 e6 3.g3 Nf6 4.Bg2 Be7 5.d4 O-O 6.O-O dxc4 7.Qc2 a6 8.Qxc4 b5
9.Qc2 Bb7 10.Bg5 Nbd7 11.Bxf6 Nxf6 12.Nbd2 Rc8 13.Nb3 c5 14.dxc5 Bd5 15.Rfd1 Qc7
16.Rac1 Bxb3 17.axb3 Bxc5 18.Nd4 Rfe8 19.b4 Bd6 20.Qxc7 Rxc7 21.Rxc7 Bxc7
22.Nc6 Kf8 23.e3 Ra8 24.Ra1 Nd5 25.Bf1 Bd6 26.Bxb5 Nxb4 27.Nxb4 Bxb4 28.Rxa6 Rxa6
29.Bxa6 Ke7 30.Kf1 Kd6 31.Ke2 e5 32.Bd3 h6 33.g4 g6 34.Bb1 Ke6 35.h4 Be7
36.Ba2+ Kf6 37.Kd3 Kg7 38.h5 gxh5 39.gxh5 f5 40.f3 Bc5 41.Be6 Kf6 42.Bd7 Bb4
43.Kc4 Bd2 44.e4 fxe4 45.fxe4 Ke7  1/2-1/2

[Event "ch-SLO"]
[Site "Ljubljana SLO"]
[Date "2010.08.12"]
[Round "6"]
[White "Sebenik,M"]
[Black "Gjuran,D"]
[Result "1/2-1/2"]
[WhiteElo "2518"]
[BlackElo "2351"]

1.c4 e6 2.d4 d5 3.Nf3 Nf6 4.g3 Be7 5.Bg2 O-O 6.O-O b6 7.cxd5 exd5 8.Nc3 Bb7
9.Bf4 Na6 10.Ne5 c5 11.Rc1 Ne4 12.dxc5 Naxc5 13.Nd3 Ne6 14.Be5 Rc8 15.Nf4 Nxf4
16.gxf4 Bc5 17.e3 Re8 18.Nxe4 dxe4 19.Qg4 g6 20.Rcd1 f5 21.Rxd8 fxg4 22.Rxe8+ Rxe8
23.Rd1 Bc6 24.Bf1 Kf7 25.Bc4+ Ke7 26.Kg2 Ba4 27.b3 Bd7 28.Bd4 Bxd4 29.Rxd4 Bf5
30.Kg3 Kf6 31.Rd6+ Ke7 32.Rc6 Rc8 33.Rxc8 Bxc8 34.Be2 h5 35.Bc4 Bb7 36.Kh4 Kf6
37.b4 a5 38.bxa5 bxa5 39.a3 Bc6 40.Ba6 Ba4 41.Bb7 Bc2 42.Bc6 Bd3 43.Kg3 g5
44.Be8 h4+ 45.Kxg4 Be2+ 46.Kh3 Bf1+ 47.Kg4  1/2-1/2

[Event "ch-FRA NatB"]
[Site "Belfort FRA"]
[Date "2010.08.13"]
[Round "5"]
[White "Housieaux,D"]
[Black "Prie,E"]
[Result "1/2-1/2"]
[WhiteElo "2423"]
[BlackElo "2529"]

1.d4 Nf6 2.c4 e6 3.g3 d5 4.Nf3 Be7 5.Bg2 O-O 6.O-O dxc4 7.Qc2 a6 8.Qxc4 b5
9.Qc2 Bb7 10.Bd2 Be4 11.Qc1 Nbd7 12.Ba5 Rc8 13.Nbd2 Ba8 14.Qc2 Nb8 15.a3 Nc6
16.Bc3 a5 17.b3 b4 18.axb4 Nxb4 19.Qb2 Nfd5 20.Rxa5 c5 21.Bxb4 Nxb4 22.Ra4 Bc6
23.Ra7 Bf6 24.Ne5 Bxg2 25.Kxg2 Nc6 26.Nxc6 Rxc6 27.Qc2 Qb6 28.Rfa1 cxd4 29.Nc4 Qd8
30.R1a5 Rc8 31.Qe4 Rb8 32.Qd3 Re8 33.f3 Re7 34.R7a6 Reb7 35.Nd2 Be7 36.Ra4 Bb4
37.Ne4 h6 38.Rc6 e5 39.Qc4 Be7 40.Nd2 Bb4 41.Ne4 Be7 42.Nc5 Bxc5 43.Rxc5 Qe8
44.Raa5 e4 45.Re5 exf3+ 46.exf3 Qd8 47.Rad5 Qf6 48.Rf5 Qe6 49.Rfe5 Qg6 50.Qxd4 Rxb3
51.Re2 Kh7 52.Qe5 f6 53.Qf5  1/2-1/2

[Event "FSIMA August"]
[Site "Budapest HUN"]
[Date "2010.08.13"]
[Round "7"]
[White "Privitera,F"]
[Black "Lengyel,B"]
[Result "1/2-1/2"]
[WhiteElo "2131"]
[BlackElo "2251"]

1.d4 d5 2.c4 e6 3.g3 Nf6 4.Bg2 Be7 5.Nf3 O-O 6.O-O c6 7.b3 Nbd7 8.Bb2 b6
9.Nbd2 Bb7 10.Qc2 Rc8 11.Rac1 c5 12.Qb1 Rc7 13.e3 Qa8 14.Ne5 cxd4 15.exd4 dxc4
16.Bxb7 Qxb7 17.bxc4 Nxe5 18.dxe5 Nd7 19.Ne4 Nc5 20.Nd6 Bxd6 21.exd6 Rd7
22.Rfd1 Rfd8 23.Be5 f6 24.Bf4 Qf3 25.Be3 Ne4 26.c5 bxc5 27.Bxc5 h5 28.h4 Kf7
29.Rd3 Qf5 30.Be3 e5 31.Rc7 Kg6 32.Qb5 Nxd6 33.Qc6 Rxc7 34.Qxc7 Qxd3 35.Qxd8 Qa3
36.Qb8 a6 37.Qc7 Nf5 38.Qc2 Qd6 39.Ba7 Qd7 40.Bb6 Qe6 41.Ba7 Kf7 42.Qd2 Qd6
43.Qc2 g6 44.Qc4+ Qe6 45.Qc7+ Kg8 46.Bc5 Qe8 47.Kh2 e4 48.Qb6 Qe5 49.Qd8+ Kf7
50.Qd7+ Kg8 51.Qd8+  1/2-1/2

[Event "Negroponte Open"]
[Site "Chalkis GRE"]
[Date "2010.08.13"]
[Round "5"]
[White "Gupta,Ab"]
[Black "Charkhalashvili,I"]
[Result "1-0"]
[WhiteElo "2587"]
[BlackElo "2346"]

1.d4 Nf6 2.c4 e6 3.g3 d5 4.Nf3 Be7 5.Bg2 O-O 6.O-O c6 7.Qc2 Nbd7 8.Rd1 Ne4
9.Ne5 f5 10.Bf4 Nxe5 11.Bxe5 Bd6 12.Bxd6 Nxd6 13.Nd2 Bd7 14.b4 Qe7 15.e3 Rfc8
16.Rab1 b5 17.c5 Nc4 18.Qc3 Nxd2 19.Rxd2 Qd8 20.a4 bxa4 21.Ra2 Rcb8 22.Rxa4 a5
23.Bf1 Kf7 24.Bd3 axb4 25.Rxa8 Rxa8 26.Qxb4 Qc7 27.Kg2 Ke7 28.h3 Qa7 29.g4 Qa3
30.Qd2 Qa5 31.Qe2 g6 32.gxf5 exf5 33.Rb6 Qa7 34.Qb2 Qa2 35.Qc1 Qa1 36.Bb1 Qa3
37.Qh1 g5 38.h4 Rg8 39.hxg5 Rxg5+ 40.Kf3 Rg7 41.Qh6 Kf7 42.Rb7 Kg8 43.Rb8+ Kf7
44.Qd6 Be8 45.Bxf5  1-0

[Event "49th WJun"]
[Site "Chotowa POL"]
[Date "2010.08.13"]
[Round "10"]
[White "Bobula,M"]
[Black "Swapnil,SD"]
[Result "1/2-1/2"]
[WhiteElo "2387"]
[BlackElo "2426"]

1.d4 Nf6 2.c4 e6 3.Nf3 d5 4.g3 Be7 5.Bg2 O-O 6.O-O dxc4 7.Qc2 a6 8.Qxc4 b5
9.Qc2 Bb7 10.Bd2 Bd6 11.Rd1 Qe7 12.Bg5 Nbd7 13.Ne5 Bxg2 14.Nxd7 Qxd7 15.Kxg2 Nd5
16.Nc3 Bb4 17.Ne4 f5 18.Nc5 Qc6 19.Kg1 Bxc5 20.Rac1 f4 21.Qxc5 Qe8 22.Bxf4 Nxf4
23.gxf4 Rxf4 24.f3 Rd8 25.Qe5 Qg6+ 26.Kh1 Qf6 27.Qxf6 gxf6 28.Rxc7 Rfxd4
29.Rg1+ Kh8 30.Ra7 Rd2 31.Rgg7 Rxe2 32.Rxh7+ Kg8 33.Rag7+ Kf8 34.Rf7+ Ke8
35.Re7+ Kf8 36.Rhf7+ Kg8 37.Rg7+ Kh8 38.Rh7+  1/2-1/2

[Event "7th CHN-RUS w Rapid"]
[Site "Ningbo CHN"]
[Date "2010.08.13"]
[Round "13"]
[White "Ju Wenjun"]
[Black "Gunina,V"]
[Result "1/2-1/2"]
[WhiteElo "2496"]
[BlackElo "2462"]

1.d4 d5 2.c4 e6 3.Nf3 Nf6 4.g3 Be7 5.Bg2 O-O 6.O-O dxc4 7.Qc2 a6 8.a4 Nbd7
9.Qxc4 b5 10.Qd3 Bb7 11.Bg5 c5 12.Bxf6 Nxf6 13.axb5 axb5 14.Rxa8 Qxa8 15.dxc5 Bxc5
16.Qxb5 Qa7 17.Ne5 Rb8 18.Bxb7 Rxb7 19.Qc6 Rc7 20.Qf3 h6 21.Nc3 Qb8 22.Nd3 Bd4
23.Ra1 Rc8 24.Ra3 e5 25.Qf5 Bxc3 26.Rxc3 Rxc3 27.bxc3 e4 28.Nf4 Qc7 29.Nd5 Nxd5
30.Qxd5 Qxc3 31.Qxe4 g6 32.Kg2 Kg7 33.g4 Qf6 34.e3 Kh7 35.Kg3 Qd6+ 36.Qf4 Qe6
37.h4 Qd5 38.h5 Qe6 39.hxg6+ Kxg6 40.Qd4 Qc6 41.f4 Qh1 42.f5+ Kh7 43.Kf4 Qh2+
44.Ke4 Qg3 45.Kd5 Qf3+ 46.Ke5 Qc6 47.Kf4 Qc7+ 48.Kf3 Qc6+ 49.Qe4 Qf6 50.Qd5 Qe7
51.Qd4 Qh4 52.Ke2 h5 53.gxh5 Qxh5+ 54.Kd3 Qxf5+ 55.Qe4 Qxe4+ 56.Kxe4  1/2-1/2